MARC details
| 000 -LEADER |
| fixed length control field |
02129nam a2200445 4500 |
| 001 - CONTROL NUMBER |
| control field |
13725486 |
| 005 - DATE AND TIME OF LATEST TRANSACTION |
| control field |
20141029101913.0 |
| 006 - FIXED-LENGTH DATA ELEMENTS--ADDITIONAL MATERIAL CHARACTERISTICS--GENERAL INFORMATION |
| fixed length control field |
000 |
| 007 - PHYSICAL DESCRIPTION FIXED FIELD--GENERAL INFORMATION |
| fixed length control field |
000 |
| 008 - FIXED-LENGTH DATA ELEMENTS--GENERAL INFORMATION |
| fixed length control field |
000 |
| 010 ## - LIBRARY OF CONGRESS CONTROL NUMBER |
| LC control number |
2004113828 |
| 020 ## - INTERNATIONAL STANDARD BOOK NUMBER |
| International Standard Book Number |
053449501X |
|
| International Standard Book Number |
0534406718 (CDROM) |
| 035 ## - SYSTEM CONTROL NUMBER |
| System control number |
(OCoLC)ocm58544000 |
| 040 ## - CATALOGING SOURCE |
| Original cataloging agency |
UOEL |
| Transcribing agency |
CIN |
| Modifying agency |
BAKER |
| -- |
DLC |
| 042 ## - AUTHENTICATION CODE |
| Authentication code |
lccopycat |
| 050 00 - LIBRARY OF CONGRESS CALL NUMBER |
| Classification number |
QA39.2 |
| Item number |
.H28 2006 |
| 082 00 - DEWEY DECIMAL CLASSIFICATION NUMBER |
| Classification number |
510 |
| Edition number |
22 |
| 100 1# - MAIN ENTRY--PERSONAL NAME |
| Personal name |
Haggard, Gary. |
| 245 10 - TITLE STATEMENT |
| Title |
Discrete mathematics for computer science / |
| Statement of responsibility, etc |
Gary Haggard, John Schlipf and Sue Whitesides. |
| 260 ## - PUBLICATION, DISTRIBUTION, ETC. (IMPRINT) |
| Place of publication, distribution, etc |
Belmont, CA : |
| Name of publisher, distributor, etc |
Thomson Brooks/Cole, |
| Date of publication, distribution, etc |
c2006. |
| 300 ## - PHYSICAL DESCRIPTION |
| Extent |
xxiii, 600 p. ; |
| Dimensions |
24 cm. + |
| Accompanying material |
1 computer optical disc (4 3/4 in.) |
| 500 ## - GENERAL NOTE |
| General note |
Accompanying CD-ROM: Student solutions manual for Discrete mathematics for computer science (Belmont, CA: Thomson, c2005). |
|
| General note |
Includes index. |
| 538 ## - SYSTEM DETAILS NOTE |
| System details note |
PC: Windows 98, ME, 2000, XP (not NT); Pentium II 233 MHrz; 32 MB RAM (64 recommended); 800 x 600, 16-bit high-color display; 16-bit sound card; spearkers or headphones; 8x CD-ROM drive. |
|
| System details note |
Mac: MAC OS 8.6 or later; PowerPC processor or later; 64 MB RAM; 800 x 600, 16-bit high-color display; 16-bit sound card; spearkers or headphones; 8x CD-ROM drive. |
| 650 #0 - SUBJECT ADDED ENTRY--TOPICAL TERM |
| Topical term or geographic name as entry element |
Mathematics. |
|
| Topical term or geographic name as entry element |
Computer science |
| General subdivision |
Mathematics. |
| 700 1# - ADDED ENTRY--PERSONAL NAME |
| Personal name |
Schlipf, John. |
|
| Personal name |
Whitesides, Sue H., |
| Dates associated with a name |
1946- |
| 740 0# - ADDED ENTRY--UNCONTROLLED RELATED/ANALYTICAL TITLE |
| Uncontrolled related/analytical title |
Student solutions manual for Discrete mathematics for computer science. |
|
| Uncontrolled related/analytical title |
Discrete mathematics for computer science. |
| Name of part/section of a work |
Student solutions manual (CD-ROM) |
| 856 42 - ELECTRONIC LOCATION AND ACCESS |
| Materials specified |
Contributor biographical information |
| Uniform Resource Identifier |
<a href="http://www.loc.gov/catdir/enhancements/fy1103/2004113828-b.html">http://www.loc.gov/catdir/enhancements/fy1103/2004113828-b.html</a> |
|
| Materials specified |
Publisher description |
| Uniform Resource Identifier |
<a href="http://www.loc.gov/catdir/enhancements/fy1103/2004113828-d.html">http://www.loc.gov/catdir/enhancements/fy1103/2004113828-d.html</a> |
|
| Materials specified |
Table of contents only |
| Uniform Resource Identifier |
<a href="http://www.loc.gov/catdir/enhancements/fy1103/2004113828-t.html">http://www.loc.gov/catdir/enhancements/fy1103/2004113828-t.html</a> |
| 906 ## - LOCAL DATA ELEMENT F, LDF (RLIN) |
| a |
7 |
| b |
cbc |
| c |
copycat |
| d |
3 |
| e |
epcn |
| f |
20 |
| g |
y-gencatlg |
| 942 ## - ADDED ENTRY ELEMENTS (KOHA) |
| Source of classification or shelving scheme |
Library of Congress Classification |
| Item type |
Short Loan for 1 day |